Music Quiz

Random Music or Bands Quiz

'S' Named Bands & Musicians Quiz Stats

Quiz Updated Nov 14, 2016

Challenge
Share
Tweet
Embed
Score 0/30 Timer 06:00
2 Plays Today
2 Hit Songs 'S' Band/Artist % Correct
Oops! I Did It Again
Baby One More Time
Britney Spears
97.2%
Born in the USA
Streets of Philadelphia
Bruce Springsteen
86.9%
Oye Como Va
Smooth (w/Rob Thomas)
Santana
79.4%
Spice Up Your Life
Wannabe
Spice Girls
78.7%
Come Fly With Me
My Way
Frank Sinatra
76.2%
Hips Don't Lie (w/Wyclef)
Whenever Wherever
Shakira
74.9%
Kiss From a Rose
Love's Divine
Seal
68.4%
Maggie May
Every Picture Tells a Story
Rod Stewart
66.5%
Gin & Juice (w/Dr. Dre)
Drop It Like It's Hot (w/Pharrell)
Snoop Dogg
62.8%
50 Ways to Leave Your Lover
You Can Call Me Al
Paul Simon
62.3%
Anarchy in the UK
God Save the Queen
Sex Pistols
62.2%
Come Sail Away
Mr. Roboto
Styx
59.5%
All Star
Walking On the Sun
Smash Mouth
58.9%
Jessie's Girl
Don't Talk to Strangers
Rick Springfield
56.7%
Push It
Let's Talk About Sex
Salt-n-Pepa
56.5%
2 Hit Songs 'S' Band/Artist % Correct
You Belong With Me
Love Story
Taylor Swift
52.5%
Fields of Gold
Brand New Day
Sting
51.4%
Rock You Like a Hurricane
Wind of Change
Scorpions
51%
Black Hole Sun
Fell On Black Days
Soundgarden
50.9%
Tonight Tonight
1979
Smashing Pumpkins
45.9%
Don't Rain on My Parade
The Way We Were
Barbra Streisand
45.9%
Smooth Operator
Cherish the Day
Sade
45.8%
Wrong Way
Santeria
Sublime
43.5%
Plush
Interstate Love Song
Stone Temple Pilots
38.8%
MacArthur Park
Hot Stuff
Donna Summer
34.6%
Rapper's Delight
Apache (cover version)
Sugarhill Gang
33.9%
Last Nite
Reptilia
The Strokes
29%
There Is a Light That Never Goes Out
How Soon Is Now?
The Smiths
26.7%
Breaking Up is Hard to Do
Laughter in the Rain
Neil Sedaka
24%
Tempted
Black Coffee in Bed
Squeeze
19.8%

You're not logged in!

Compare scores with friends on all Sporcle quizzes.
Sign Up with Email
OR
Log In

You Might Also Like...

Show Comments

Extras

Top Quizzes Today


Score Distribution

Your Account Isn't Verified!

In order to create a playlist on Sporcle, you need to verify the email address you used during registration. Go to your Sporcle Settings to finish the process.